000 00306nam a22001337a 4500
008 170414b xxu||||| |||| 00| 0 eng d
020 _a0397542828
041 _aeng
080 _217TH
_a612.39
100 _a10
101 _aSHMK
245 _aNUTRITION IN HEALTH AND DISEASE
_cANDERSON
942 _2udc
_cBK
999 _c10842
_d10842